| 000 | 00878nac a22002411u 4500 | ||
|---|---|---|---|
| 010 | _a95072565 | ||
| 020 | _a0789706814 : | ||
| 035 | _a(OCoLC)34256846 | ||
| 082 | 0 | 0 |
_a621.3916 _bFUL |
| 090 |
_c9228 _d9228 |
||
| 100 | _aFulton, Jennifer. | ||
| 245 | 1 | 4 |
_aThe complete idiot's guide to upgrading your PC / _cby Jennifer Fulton. |
| 246 | 3 | _aIdiot's guide to upgrading your PC | |
| 260 |
_aIndianapolis, IN : _bQue,1996. _cc1996. |
||
| 300 |
_axviii, 342 p. : _bill. ; _c23 cm. + _e1 computer disk (3 1/2 in.) |
||
| 500 | _aIncludes index. | ||
| 500 | _aDistributer: Al-Ahram | ||
| 511 | _aCatalogued by: Sara | ||
| 650 | 0 |
_aMicrocomputers _xUpgrading. |
|
| 650 | 0 |
_aIBM-compatible computers _xUpgrading. |
|
| 942 |
_cBB _k621.3916FUL |
||
| 999 |
_c9228 _d9228 |
||